000 00459 a2200169 4500
001 189794
020 _a85-08-07686-X
040 _cMagnum
100 _aBelinky, Tatiana
240 1 0 _aIelena a sábia dos sortilégios e outras histórias do povo russo
_lpor
245 1 0 _aIelena a sábia dos sortilégios e outras histórias do povo russo
300 _a104
362 0 _a2002
440 1 _aÁtica
697 _aLITERATURA INFANTO-JUVENIL
942 _cBK
999 _c189794
_d189794